Ülkemizde laik eğitim sisteminde sosyal bilim olarak din öğretimi kurultayı sonuç raporu (Record no. 104)
[ view plain ]
| 000 -BAŞLIK | |
|---|---|
| Sabit Uzunlukta Kontrol Alanı | 00798na a2200229 4500 |
| 001 - KONTROL NUMARASI | |
| Denetim Alanı | 13341 |
| 003 - KONTROL NUMARASI IDENTIFIER | |
| Denetim Alanı | MIRAKIL |
| 005 - SON İŞLEM TARİHİ VE ZAMANI | |
| Denetim Alanı | 20181213154733.0 |
| 008 - SABİT-BOY VERİ ELEMANLARI - GENEL BİLGİLER | |
| Sabit Uzunlukta Kontrol Alanı | 161012b tu 000 0 |
| 035 ## - SİSTEM KONTROL NUMARASI | |
| Sistem Kontrol Numarası | 13341 |
| 040 ## - KATALOGLAMA KAYNAK | |
| Orijinal Kataloglama Ajansı | Milas |
| Kataloglama Dili | tur |
| Metne Dönüştürmek Ajansı | TR-AnCHP |
| 082 ## - DEWEY ONLU SINIFLANDIRMA NUMARASI | |
| Sınıflandırma Numarası | 377.1 |
| Ürün Numarası | Ü44ü 2005 |
| 090 ## - SINIFLAMA NUMARASI | |
| Sınıflama Numarası | 377.1 Ü44ü 2005 |
| 111 ## - ANA GİRİŞ - TOPLANTI ADI | |
| Giriş Elemanı Olarak Toplantı Adı Veya Yargı Alanı Adı | Ülkemizde laik eğitim sisteminde sosyal bilim olarak din öğretimi kurultayı |
| Toplantının Yeri | Malatya |
| Toplantı Veya Antlaşma İmzalandığı Tarihi | 2005 |
| 245 ## - BAŞLIK TABLOSU | |
| Başlık | Ülkemizde laik eğitim sisteminde sosyal bilim olarak din öğretimi kurultayı sonuç raporu |
| Sorumluluk Tablosu, Vb | İnönü Üniversitesi |
| 260 ## - YAYIN, DAĞITIM, VB | |
| Yayın, Dağıtım, Vb Yeri | Malatya |
| Yayıncı, Dağıtıcı, Vs Adı | İnönü Üniversitesi |
| Yayın, Dağıtım, Vb Tarihi | 2005 |
| 300 ## - FİZİKSEL TANIM | |
| Kapsam | 85 s. |
| Boyutlar | 25 sm. |
| 650 ## - KONU KATMA GİRİŞ - TOPİKAL DÖNEM | |
| Topikal Süreli Veya Coğrafi Ad Giriş Elemanı | Din ve devlet |
| Genel Alt Bölümü | Laiklik |
| Kronolojik Alt Bölümü | Toplantılar |
| 650 ## - KONU KATMA GİRİŞ - TOPİKAL DÖNEM | |
| Topikal Süreli Veya Coğrafi Ad Giriş Elemanı | İslam dini |
| Genel Alt Bölümü | Eğitim ve öğretim |
| 710 ## - KATMA GİRİŞ - KURUMSAL ADI | |
| Giriş Elemanı Olarak Kurumsal Ad Veya Yargı Alanı Adı | İnönü Üniversitesi |
| 942 ## - EKLENDİ GİRİŞ ELEMANLARI (KOHA) | |
| Sınıflandırma Veya Raf Düzeni Kaynak | Dewey Decimal Classification |
| Koha Öğesi Türü | Books |
| 999 ## - SİSTEM KONTROL NUMARALARI (KOHA) | |
| Koha Biblionumber | 104 |
| Koha Biblioitemnumber | 104 |
| Kalıcı Konum | Mevcut Konum | Edinme Tarihi | Edinim Kaynak | Toplam Check-Out'Lar | Tam Çağrı Numarası | Barkod | Tarih Son Görülme | İtibaren Geçerli Fiyatlar | Koha Öğesi Türü |
|---|---|---|---|---|---|---|---|---|---|
| CHP Kütüphanesi | CHP Kütüphanesi | 08/13/2016 | Bağış | 377.1 Ü44ü 2005 | 001134 | 08/13/2016 | 08/13/2016 | Books |
